| 000 | 00844nam a2200241 4500 | ||
|---|---|---|---|
| 003 | OSt | ||
| 005 | 20240729042432.0 | ||
| 006 | a | ||
| 008 | 240729b |||||||| |||| 00| 0 eng d | ||
| 020 | _a0070230005 | ||
| 040 |
_aDWCL-Main lib. _cOC |
||
| 082 |
_2Seventh edition _aRes. 025.56 G259g 1994 |
||
| 245 | _aGuide to the use of libraries and information sources / | ||
| 250 | _aSeventh edition | ||
| 260 |
_aN. Y. : _bMcGraw-Hill, Inc., _cc1994. |
||
| 300 |
_axii, _b304 p. ; _c23 cm. |
||
| 504 | _aIncludes indexes. | ||
| 650 | _a1. Libraries-United States-handbooks, manuals, etc. | ||
| 650 | _a2. Library resources-United States-Hanbooks, manuals, etc. | ||
| 650 | _a3. Reference books-Bibliography. | ||
| 650 | _a4. Library Science-United States-Handbooks, manuals, etc. | ||
| 942 |
_2ddc _n0 _cBK-0 CIRC _eSeventh edition _kRes. |
||
| 999 |
_c2892 _d2892 |
||